| 000 | 00632nam a2200241Ia 4500 | ||
|---|---|---|---|
| 003 | OSt | ||
| 005 | 20221007071213.0 | ||
| 006 | a|||||r|||| 00| 0 | ||
| 007 | ta | ||
| 008 | 221006b |||||||| |||| 00| 0 eng d | ||
| 024 | _a10,491 | ||
| 037 | _cTextual | ||
| 040 |
_aFLL _cFLL _beng |
||
| 041 |
_2eng _aeng |
||
| 082 | _aMY31:Z3t, L8.2 | ||
| 100 |
_aRothschild Au. _9688314 |
||
| 245 | 0 | _aRoyal commission on gambling | |
| 260 |
_aLondon _bAjesty pub. London _c1978 |
||
| 300 |
_a267-581p _ccm. |
||
| 490 | _vVol.2 | ||
| 942 |
_hMY31:Z3t, L8.2 _cTEXL _2CC |
||
| 999 |
_c1142750 _d1142750 |
||